| 000 | 01039nam a22003015a 4500 | ||
|---|---|---|---|
| 005 | 20150824104644.0 | ||
| 008 | 100228t2009 enka|||frb||| 001 0 eng d | ||
| 010 | _a | ||
| 020 | _a9781405874243 | ||
| 040 |
_aEG-ScBUE _beng _cEG-ScBUE |
||
| 082 | 0 | 4 |
_a338.90091724 _bTOD _222 |
| 100 | 1 |
_aTodaro, Michael P. _911966 |
|
| 245 | 1 | 0 |
_aEconomic development / _cMichael P. Todaro, Stephen C. Smith. |
| 250 | _a10th ed. | ||
| 260 |
_aEngland : _bPearson Addison Wesley, _c2009. |
||
| 300 |
_axxvii, 861 p. : _bill. ; _c24 cm. |
||
| 500 | _aIncludes indexes. | ||
| 500 | _aGlossary : p. 815-843. | ||
| 504 | _aInclude bibliographic references. | ||
| 590 | _aMenna Elemam | ||
| 650 | 0 |
_aEconomic development. _911967 _2BUEsh |
|
| 650 | 0 |
_aDeveloping countries-- _xEconomic policy. _2BUEsh |
|
| 651 | _2BUEsh | ||
| 653 |
_bBUSECO _cAugust2015 |
||
| 700 | 1 |
_aSmith, Stephen C., _d1955- _911969 |
|
| 856 | 4 | 1 |
_3Table of contents _uhttp://www.loc.gov/catdir/toc/ecip0511/2005011342.html |
| 942 |
_cNB _k 338.90091724 TOD _2ddc |
||
| 999 |
_c13525 _d13525 |
||